Asia Map Click Quiz in Arabic - Statistics

General Stats
  • This quiz has been taken 87 times
  • The average score is 36 of 48
Answers on the Map
Answers color-coded by a green-red scale on the quiz's map according to % correct below.
 
Answer Stats
Answer % Correct
'iindunisia
89%
'iiran
89%
aleiraq
87%
'afghanistan
85%
manghulia
85%
mianmar
83%
nybal
83%
alhind
81%
banghladish
81%
kambudya
81%
sirilanka
81%
'uwzbakistan
81%
bakistan
80%
fiatnam
80%
filbini
80%
taywan
80%
alkuayt
78%
'iisrayiyl
78%
malizia
78%
tayland
78%
al'iimarat alearabiat almutahida
76%
'arminia
76%
brunay
76%
butan
76%
kazakhstan
76%
lubnan
76%
tajikistan
76%
albahrayn
74%
almamlakat alearabiat alsueudia
74%
kuria aljanubia
74%
lawis
74%
singhafura
74%
'adhrabayjan
72%
alyaban
72%
qubrus
72%
suria
72%
turkamanistan
72%
qirghizstan
70%
alyaman
67%
dawlat qatar
67%
taymur alsharqia
67%
alsiyn
65%
al'urdunu
65%
jurjia
65%
saltanat euman
61%
kuria alshamalia
52%
juzur almaldif
48%
dik rumaa
43%
No matching quizzes found
Score Distribution
Percent of People with Each Score
Percentile by Number Answered
Your Score History
You have not taken this quiz